| 000 | 00466nam a22001697a 4500 | ||
|---|---|---|---|
| 005 | 20240603154913.0 | ||
| 008 | 240603b |||||||| |||| 00| 0 eng d | ||
| 020 | _a9780471201878 | ||
| 082 |
_a005.117 _bHUN-P |
||
| 100 | _aHundhausen, Richerd | ||
| 245 |
_aProgramming Ado.Net / _cSteven Brog |
||
| 260 |
_aUSA: _bWiley; _c20052. |
||
| 300 |
_a891 p. : _bill; _c24 cm. |
||
| 500 | _ainclude index. | ||
| 650 | _acomputer science/ web operating system | ||
| 999 |
_c35838 _d35838 |
||